Brooke Review Committee (Record no. 103407)

MARC details
000 -LEADER
fixed length control field 00799cam a2200217 4500
001 - CONTROL NUMBER
control field J125487
008 - FIXED-LENGTH DATA ELEMENTS--GENERAL INFORMATION
fixed length control field 040319n2004 000 0 eng u
035 ## - SYSTEM CONTROL NUMBER
System control number (Sirsi) u125487
041 ## - LANGUAGE CODE
Language code of text/sound track or separate title eng
050 ## - LIBRARY OF CONGRESS CALL NUMBER
Classification number 333.0062
-- 18
110 ## - MAIN ENTRY--CORPORATE NAME
Corporate name or jurisdiction name as entry element Royal Institution of Chartered Surveyors
Subordinate unit Governance and Corporate Management
9 (RLIN) 4171
245 ## - TITLE STATEMENT
Title Brooke Review Committee
Remainder of title notes of meetings of the sub-groups and main committee on 30 January 2004
260 ## - PUBLICATION, DISTRIBUTION, ETC.
Place of publication, distribution, etc. [S.I.]
Name of publisher, distributor, etc. RICS
Date of publication, distribution, etc. 2004
490 ## - SERIES STATEMENT
Series statement RICS Brooke Review
520 ## - SUMMARY, ETC.
Summary, etc. Updates from the communication sub-group, infrastructure sub-group, governance sub-group and the main committee.
650 ## - SUBJECT ADDED ENTRY--TOPICAL TERM
Topical term or geographic name entry element RICS BROOKE REVIEW
650 ## - SUBJECT ADDED ENTRY--TOPICAL TERM
Topical term or geographic name entry element RICS MEMBERSHIP
690 ## - LOCAL SUBJECT ADDED ENTRY--TOPICAL TERM (OCLC, RLIN)
Topical term or geographic name as entry element RICS NEWS
710 ## - ADDED ENTRY--CORPORATE NAME
Corporate name or jurisdiction name as entry element Royal Institution of Chartered Surveyors
9 (RLIN) 4900
942 ## - ADDED ENTRY ELEMENTS (KOHA)
Suppress in OPAC 0
Holdings
Withdrawn status Lost status Source of classification or shelving scheme Damaged status Not for loan Home library Current library Shelving location Date acquired Total Checkouts Full call number Barcode Date last seen Copy number Price effective from Koha item type
    Dewey Decimal Classification     Virtual Virtual Online 19/03/2004   ONLINE PUBLICATION 125487-2001 06/08/2019 1 06/08/2019 Book